| 000 | 01400nam a2200325 a 4500 | ||
|---|---|---|---|
| 001 | BRCA_3090 | ||
| 005 | 20190320204115.0 | ||
| 008 | 280109s1836----fr-a---###---#000-0#fre-u | ||
| 041 | _afre | ||
| 044 | _afr | ||
| 084 |
_a397 _b.D538 _c1836 |
||
| 100 | 1 |
_aCervantes Saavedra, Miguel de _d1547-1616 _9213 |
|
| 245 | 1 | 0 |
_aDon Quichotte _cMiguel de Cervates Saavedra. |
| 260 |
_aParís _bPierre y Derville Didot _c1836 |
||
| 300 |
_a6 v. _bil. _c15 cm. |
||
| 500 | _aContenido : v 1. Primera parte. Advertencia del traductor. Prólogo del autor. Texto. -- v 2. Texto. -- v 3. Texto. -- v 4. Segunda parte. Prefacio del traductor. Prólogo del autor. Texto. -- v 5. Texto. -- v 6. Texto | ||
| 500 | _aEdición : Traduit de l´Espagnol de Michel de Cervantes par Florian. Nouvelle edition | ||
| 500 | _aEdición de surtido. Semipiel; lomos con dorados Lúdovik Osterc | ||
| 500 | _aCon ex-libris : William George Prescott | ||
| 500 | _aQM810 | ||
| 546 | _aTexto en : francés | ||
| 650 | 1 | 4 |
_aNovela española _yÉpoca clásica, 1500-1700 _9215 |
| 650 | 1 | 4 |
_aLiteratura española _yÉpoca clásica, 1500-1700 _9216 |
| 650 | 1 | 4 |
_aNovela española _ySiglo XVII _9217 |
| 650 | 1 | 4 |
_aDon Quijote (Personaje ficticio) _eNovela _9218 |
| 700 | 1 |
_aFlorian, Jean-Pierre Claris de _d1755-1794 _eTraductor _98430 |
|
| 740 | 0 | _aEl Ingenioso Hidalgo Don Quijote de la Mancha | |
| 902 | _aQFM | ||
| 942 |
_2lcc _cB |
||
| 999 |
_c2826 _d2826 |
||